les personnages de top gun maverick - Statistiques

Statistiques générales
  • Ce quiz a été pris 429 fois
  • Le résultat moyen est 5 sur 11
Statistiques - réponses
Réponse % Correct
maverick
100%
rooster
68%
bob
59%
iceman
55%
hangman
52%
phoenix
38%
penny
37%
coyote
32%
fanboy
29%
payback
24%
amelia
13%
Aucun quiz correspondant
Distribution des résultats
% des personnes avec chaque résultat
Percentile par nombre de réponses
Votre historique - résultats
Vous n’avez pas pris ce quiz